|
|
|
|
| LEADER |
01899nam a2200505 a 4500 |
| 001 |
000831371 |
| 003 |
CZ BrMZK |
| 005 |
20070108153239.0 |
| 007 |
ta |
| 008 |
061012s2006 xr ab f 000 0 eng |
| 020 |
|
|
|a 80-902810-9-5
|q (soubor :
|q brož.)
|
| 020 |
|
|
|a 80-902810-7-9
|q (kniha 2.1 :
|q brož.)
|
| 040 |
|
|
|a BOA001
|b cze
|
| 041 |
1 |
|
|a eng
|h cze
|
| 043 |
|
|
|a e-xr---
|
| 072 |
|
7 |
|a 71
|x Územní plánování. Urbanismus. Památková péče
|2 Konspekt
|9 21
|
| 080 |
|
|
|a 71
|2 MRF
|
| 080 |
|
|
|a 711
|2 MRF
|
| 080 |
|
|
|a 72.012.2
|2 MRF
|
| 080 |
|
|
|a 72.092
|2 MRF
|
| 080 |
|
|
|a (437.3)
|2 MRF
|
| 080 |
|
|
|a (048.8)
|2 MRF
|
| 100 |
1 |
|
|a Koucký, Roman,
|d 1959-
|7 jn20001005287
|4 aut
|
| 245 |
1 |
0 |
|a (CZ)4 /
|c [texty Roman Koucký, Jana Tichá, Radek Kolařík a studenti ; překlad Martin Tharp]
|
| 246 |
1 |
|
|i Název v tiráži:
|a Kniha 2.1 (CZ)4
|
| 246 |
3 |
|
|a Dvě jedna (CZ)4
|
| 246 |
3 |
|
|a Book 2.1
|
| 250 |
|
|
|a Vyd. 1.
|
| 260 |
|
|
|a Praha :
|b Zlatý řez,
|c 2006
|
| 300 |
|
|
|a 131 s. :
|b il. (převážně barev.), mapy ;
|c 16 cm
|
| 500 |
|
|
|a Přeloženo z češtiny?
|
| 500 |
|
|
|a Ve společném přebalu s: 2.0, elementární.urbanismus
|
| 580 |
|
|
|a Supplement k: 2.0, elementární.urbanismus
|
| 650 |
0 |
7 |
|a územní plánování
|7 ph128364
|z Česko
|y 20.-21. stol.
|2 czenas
|
| 650 |
0 |
7 |
|a urbanismus
|7 ph116541
|z Česko
|y 20.-21. stol.
|2 czenas
|
| 650 |
0 |
7 |
|a architektonické projekty
|7 ph137760
|z Česko
|y 20.-21. stol.
|2 czenas
|
| 650 |
0 |
7 |
|a architektonické soutěže
|7 ph138574
|z Česko
|y 20.-21. stol.
|2 czenas
|
| 655 |
|
7 |
|a studie
|7 fd133597
|2 czenas
|
| 700 |
1 |
|
|a Tichá, Jana,
|d 1964-
|7 xx0001768
|4 aut
|
| 700 |
1 |
|
|a Kolařík, Radek,
|d 1964-
|7 ola200209285
|4 aut
|
| 787 |
1 |
8 |
|t 2.0, elementární.urbanismus
|
| 910 |
2 |
|
|a BOA001
|b 1-1176.402
|
| 990 |
|
|
|a BK
|
| 991 |
|
|
|b 200611
|c NOV
|
| 996 |
6 |
|
|b 2610293437
|c 1-1176.402
|l MZK
|r Sklad / do 1 hodiny
|n 4
|p p.v.
|w 000831371
|u 000010
|a 1
|e BOA001
|j MZK50
|s P
|